Sports Quiz

Random Sports or MLB Quiz

MLB - Best Sept/Oct game scores (since 2000) Quiz Stats

Quiz not verified by Sporcle

Challenge
Share
Tweet
Embed
Score 0/89 Timer 10:00
0 Plays Today
Year Player % Correct
2015Madison Bumgarner
97.4%
2015Max Scherzer
94.7%
2015Clayton Kershaw
94.7%
2011Chris Carpenter
94.7%
2010CC Sabathia
94.7%
2009Chris Carpenter
94.7%
2007Zack Greinke
94.7%
2005CC Sabathia
94.7%
2012James Shields
92.1%
2012James Shields
92.1%
2010Roy Halladay
92.1%
2010Roberto Hernandez
92.1%
2009Roy Halladay
92.1%
2008Randy Johnson
92.1%
2008Tim Lincecum
92.1%
2007Roberto Hernandez
92.1%
2006Jake Peavy
92.1%
2005Matt Cain
92.1%
2004Curt Schilling
92.1%
2003Randy Johnson
92.1%
2003Roy Halladay
92.1%
2002Randy Johnson
92.1%
2001Roy Halladay
92.1%
2015Stephen Strasburg
89.5%
2006Brandon Webb
89.5%
2010Justin Verlander
86.8%
2009Cole Hamels
86.8%
2008Roy Oswalt
86.8%
2006Johan Santana
86.8%
2005Johan Santana
86.8%
Year Player % Correct
2003Kerry Wood
84.2%
2009Carlos Zambrano
81.6%
2008Carlos Zambrano
81.6%
2013Gio Gonzalez
78.9%
2004Mark Prior
78.9%
2002Mike Mussina
78.9%
2001Mike Mussina
78.9%
2001Mike Mussina
78.9%
2015Carlos Carrasco
76.3%
2014Jake Arrieta
76.3%
2014Jordan Zimmermann
76.3%
2014Carlos Carrasco
76.3%
2014Doug Fister
76.3%
2013Jordan Zimmermann
76.3%
2006Dontrelle Willis
76.3%
2002Mark Mulder
76.3%
2008Dan Haren
73.7%
2000Bartolo Colon
71.1%
2012Homer Bailey
65.8%
2005Tom Glavine
65.8%
2004Matt Morris
65.8%
2003Matt Morris
65.8%
2012Anibal Sanchez
63.2%
2011Anibal Sanchez
63.2%
2006Anibal Sanchez
63.2%
2000Kevin Brown
63.2%
2007Clay Buchholz
60.5%
2011Ian Kennedy
55.3%
2002Wade Miller
50%
2014Andrew Cashner
44.7%
Year Player % Correct
2013Andrew Cashner
44.7%
2005Jon Garland
44.7%
2014Kyle Lohse
42.1%
2014Marcus Stroman
42.1%
2013Henderson Alvarez
42.1%
2001Bud Smith
42.1%
2010Randy Wolf
39.5%
2003Russ Ortiz
39.5%
2002Randy Wolf
39.5%
2001Randy Wolf
39.5%
2000Chan Ho Park
39.5%
2010Dallas Braden
36.8%
2009Wade Davis
36.8%
2012Kris Medlen
34.2%
2005Jeff Weaver
34.2%
2004Rodrigo Lopez
34.2%
2007John Maine
31.6%
2010Bruce Chen
23.7%
2009Brandon Morrow
23.7%
2006Rich Hill
21.1%
2011Brandon McCarthy
15.8%
2013Yusmeiro Petit
13.2%
2007Micah Owings
13.2%
2005Adam Eaton
13.2%
2004Dave Bush
13.2%
2003Doug Waechter
7.9%
2000Ron Villone
7.9%
2011Zach Stewart
5.3%
2000Pat Hentgen
5.3%

You're not logged in!

Compare scores with friends on all Sporcle quizzes.
Join for Free
OR
Log In

You Might Also Like...

Show Comments

Extras

Top Quizzes Today


Score Distribution

Your Account Isn't Verified!

In order to create a playlist on Sporcle, you need to verify the email address you used during registration. Go to your Sporcle Settings to finish the process.

Report this User

Report this user for behavior that violates our Community Guidelines.

Details: